00541nam a2200193 a 4500001001300000003000900013005001700022008004100039020001100080082001300091100001700104245006800121260004200189300000900231500003500240505002400275650003100299700001700330nice12345678IN_TiNIC20260116011913.0050524s1967 lona grp 000 0 eng  ac23.800a274bOBE aOberman, H A aForerunners of the Reformationb Shape of Late Medieval Thought aLondonbLutterworth Educationalc1967 a333p aincludes index and biblioraphy2 aBibliography, Index aReformation-Church History1 aOberman, H A